000 00344 a2200145 4500
001 156013
040 _cEscola São Tomás de Aquino
100 _aAGUIAR, Luiz Antonio
240 1 0 _aVovô vai para as estrelas
_lpor
245 1 0 _aVovô vai para as estrelas
300 _a27
362 0 _a2017
697 _a*LITERATURA INFANTO
942 _cBK
999 _c156013
_d156013